| 000 | 00571nam#a22002295a#4500 | ||
|---|---|---|---|
| 001 | 3111 | ||
| 245 | 1 | 0 |
_aLas Hamacas Voladoras / Y Otros Relatos / _cMiguel Briante. |
| 250 | _a1ª ed. | ||
| 260 |
_aBuenos Aires : _bPágina 12, _c2010. |
||
| 300 |
_a96 p. ; _c23 cm. |
||
| 020 | _a987901510x | ||
| 100 | 1 | _aBriante, Miguel. | |
| 080 | _a82-22 | ||
| 084 | _aB83 | ||
| 653 | _aNovela | ||
| 653 | _aLiteratura Argentina | ||
| 040 |
_aAR-ClEAG _cAR-ClEAG |
||
| 008 | 240307s2010####ag#####g######001#0#spa#d | ||
| 005 | 20241107184813.0 | ||
| 003 | AR-ClEAG | ||
| 942 | _cBK | ||
| 999 |
_c3111 _d3111 |
||
| 980 |
_62 _aEvangelina Gallicchio _82 _gEvangelina Gallicchio |
||